书目信息 |
| 书名: | Hungarian Anti-Fascism and Resistance 1941-1945 | |
| 作者: | ||
| 分册号: | ||
| 分册名: | 出版地: | Budapest : |
|
| 出版社: | Akademiai Kiado | |
| 出版时间: | 1986. | |
| 页数: | 234 p. ; | |
| 开本: | 20cm. | |
| 丛书名: | ||
| 中图分类号: | ||
| 科图分类号: | ||
| 其他分类号: | K515.43 | |
| 主题词: | ||
| 电子资源: | ||
| 000 | 00402nam 2200145 a 4500 | |
| 001 | E0738034540 | |
| 005 | 20070227103524.79 | |
| 008 | 070227s1986 00010 eng | |
| 020 | @a963-05-4025-8 :@cCNY80.91. | |
| 040 | @aPFT@beng | |
| 090 | @aK515.43 | |
| 099 | @dK515.43@ex2 | |
| 245 | @aHungarian Anti-Fascism and Resistance 1941-1945. | |
| 260 | @aBudapest :@bAkademiai Kiado,@c1986. | |
| 300 | @a234 p. ;@c20cm. | |
| Hungarian Anti-Fascism and Resistance 1941-1945.-Budapest : : Akademiai Kiado, , 1986. |
| 234 p. ; ; 20cm. |
| ISBN 963-05-4025-8 :CNY80.91. |
| ● |
| 相关链接 |
|
|
|
|
正题名:Hungarian Anti-Fascism and Resistance 1941-1945
索取号:K515.43/x2
 
预约/预借
| 序号 | 登录号 | 条形码 | 馆藏地/架位号 | 状态 | 备注 |
| 1 | 183245 | 001691994 | 第二样本阅览室/ [索取号:K515.43/x2] | 在馆 | |
| 2 | 183246 | 001691823 | 第四借阅区/ [索取号:K515.43/x2] | 在馆 |